Contabilidad III
Guardat en:
| Autor principal: | |
|---|---|
| Format: | Llibre |
| Idioma: | espanyol |
| Publicat: |
Valparaíso
Universitarias de Valparaíso
1978
|
| Edició: | 2a. ed |
| Matèries: | |
| Etiquetes: |
Afegir etiqueta
Sense etiquetes, Sigues el primer a etiquetar aquest registre!
|
MARC
| LEADER | 00000nam a2200000 a 4500 | ||
|---|---|---|---|
| 001 | UCR3792 | ||
| 003 | CL-VaPUC | ||
| 008 | 980130e19780000CL |||||||||||||||||spa|d | ||
| 082 | 0 | 4 | |a 657.95 |b JIM |2 21 |
| 100 | |a Jiménez Bermejo, Patricio |e autor |9 485010 | ||
| 245 | 1 | 0 | |a Contabilidad III |
| 250 | |a 2a. ed | ||
| 300 | |a 343 p | ||
| 942 | |c BK | ||
| 945 | |d 19980130 00:00:00 |a aolguin | ||
| 260 | |a Valparaíso |b Universitarias de Valparaíso |c 1978 | ||
| 600 | 0 | 7 | |a SUPERINTENDENCIA DE COMPAÑIAS DE SEGUROS, SOCIEDADES ANONIMAS Y BOLSAS DE COMERCIO |2 CL-VaPUC |9 403078 |
| 650 | 0 | |a Contabilidad |9 261430 | |
| 650 | 0 | |a Sociedades anónimas |9 255387 | |
| 650 | 7 | |a ESTATUTOS |2 CL-VaPUC |9 259253 | |
| 650 | 0 | |a Naturaleza jurídica |9 371885 | |
| 650 | 0 | |a Capital |9 263726 | |
| 650 | 7 | |a JUNTAS DE ACCIONISTAS |2 CL-VaPUC |9 403079 | |
| 650 | 7 | |a DIRECTORIO |2 CL-VaPUC |9 381464 | |
| 650 | 7 | |a GERENTES |2 CL-VaPUC |9 341797 | |
| 650 | 7 | |a SOCIOS |2 CL-VaPUC |9 380861 | |
| 650 | 0 | |a Accionistas |9 386919 | |
| 650 | 7 | |a BALANCE |2 CL-VaPUC |9 352306 | |
| 650 | 0 | |a Quiebra |9 255386 | |
| 651 | 7 | |a CHILE |2 CL-VaPUC |9 403080 | |
| 583 | |a last modification |c 19980130 00:00:00 |k Rodrigo Vera | ||
| 999 | |c 266816 |d 266814 | ||
| 952 | |0 0 |1 0 |4 0 |6 657_950000000000000_JIM_1978 |7 0 |8 A |9 298776 |a BIBGIM |b BIBGIM |d 2019-11-20 |i 1942557 |o 657.95 JIM 1978 |p 1942557 |r 2025-01-15 |w 2019-11-20 |y BK |k COM | ||
| 952 | |0 0 |1 0 |4 0 |6 657_950000000000000_JIM_1978 |7 0 |8 A |9 298777 |a BIBGIM |b BIBGIM |d 2019-11-20 |i 1942603 |o 657.95 JIM 1978 |p 1942603 |r 2025-01-15 |w 2019-11-20 |y BK |k COM | ||
| 952 | |0 0 |1 0 |4 0 |6 657_950000000000000_JIM_1978 |7 0 |8 A |9 298778 |a BIBGIM |b BIBGIM |d 2019-11-20 |i 1943286 |l 1 |o 657.95 JIM 1978 |p 1943286 |r 2025-01-15 |s 2024-05-22 |w 2019-11-20 |y BK |k COM | ||
| 952 | |0 0 |1 0 |4 0 |6 657_950000000000000_JIM_1978 |7 0 |8 A |9 298779 |a BIBGIM |b BIBGIM |d 2019-11-20 |i 1943235 |o 657.95 JIM 1978 |p 1943235 |r 2025-01-15 |w 2019-11-20 |y BK |k COM | ||
| 952 | |0 0 |1 0 |4 0 |6 657_950000000000000_JIM_1978 |7 0 |8 A |9 298780 |a BIBGIM |b BIBGIM |d 2019-11-20 |i 1943189 |o 657.95 JIM 1978 |p 1943189 |r 2025-01-15 |w 2019-11-20 |y BK |k COM | ||
| 952 | |0 0 |1 0 |4 0 |6 657_950000000000000_JIM_1978 |7 0 |8 A |9 298781 |a BIBGIM |b BIBGIM |d 2019-11-20 |i 1943138 |o 657.95 JIM 1978 |p 1943138 |r 2025-01-15 |w 2019-11-20 |y BK |k COM | ||
| 952 | |0 0 |1 0 |4 0 |6 657_950000000000000_JIM_1978 |7 0 |8 A |9 298782 |a BIBGIM |b BIBGIM |d 2019-11-20 |i 1943081 |o 657.95 JIM 1978 |p 1943081 |r 2025-01-15 |w 2019-11-20 |y BK |k COM | ||
| 952 | |0 0 |1 0 |4 0 |6 657_950000000000000_JIM_1978 |7 0 |8 A |9 298783 |a BIBENE |b BIBENE |d 2019-11-20 |i 1404571 |o 657.95 JIM 1978 |p 1404571 |r 2025-01-15 |w 2019-11-20 |y BK |k ICO | ||
| 952 | |0 0 |1 0 |4 0 |6 657_950000000000000_JIM_1978 |7 0 |8 A |9 298784 |a BIBENE |b BIBENE |d 2019-11-20 |i 1404520 |o 657.95 JIM 1978 |p 1404520 |r 2025-01-15 |w 2019-11-20 |y BK |k ICO | ||
| 952 | |0 0 |1 0 |4 0 |6 657_950000000000000_JIM_1978 |7 0 |8 A |9 298785 |a BIBENE |b BIBENE |d 2019-11-20 |i 1408208 |o 657.95 JIM 1978 |p 1408208 |r 2025-01-15 |w 2019-11-20 |y BK |k ICO | ||
| 952 | |0 0 |1 0 |4 0 |6 657_950000000000000_JIM_1978 |7 0 |8 A |9 298786 |a BIBENE |b BIBENE |d 2019-11-20 |i 1408259 |o 657.95 JIM 1978 |p 1408259 |r 2025-01-15 |w 2019-11-20 |y BK |k ICO | ||
| 952 | |0 0 |1 0 |4 0 |6 657_950000000000000_JIM_1978 |7 0 |8 A |9 298787 |a BIBENE |b BIBENE |d 2019-11-20 |i 1412043 |o 657.95 JIM 1978 |p 1412043 |r 2025-01-15 |w 2019-11-20 |y BK |k ICO | ||